000 00759nam a2200217 i 4500
001 59386
003 ES-MaACL
005 20230906164025.0
007 t|
008 031028q1918 sp ||||1| spa d
100 1 _aElola, José de (
_d1859-1933)
_947068
245 1 0 _aViajes planetarios en el siglo XII
_b: novela de aventuras /
_cpor el Coronel Ignotus [seud.].
250 _a3ª ed.
260 _a[S.l. :
_bs.n.,
_c1918?]
300 _a3 v. ;
_c26 cm.
505 8 _aContiene: V.I: Primera etapa: De los Andes al cielo. -- V.II: Segunda etapa: Del océano a Venus. -- V.III: Tercera etapa: El Mundo Venusiano
740 0 _aDe los Andes al cielo.
740 0 _aDel océano a Venus.
740 3 _aEl mundo venusiano.
852 _aES-MaACL
_j1698-F-3/5
999 _c59386
_d59386